000 00696nam a2200241Ia 4500
003 OSt
005 20220928113643.0
006 a|||||r|||| 00| 0
007 ta
008 220927b |||||||| |||| 00| 0 eng d
024 _a74248
037 _cTextual
040 _aSDCL
_cSDCL
_beng
041 _2eng
_aeng
082 _aWxM201, L1
100 _aAndreski Stanislav Ed.
_9407896
245 0 _aHerbert Spencer
_b Structure, function and evolution.
260 _aLondon
_bNelson
_c1971
300 _avii,257p
_ccm.
490 _aMaking of sociology series. Ed by Ronald Fletcher.
942 _hWxM201, L1
_cTEXL
_2CC
999 _c750632
_d750632